00487nam a2200181 a 4500001001300000003000900013005001700022008004100039020002300080082001300103100002300116245003400139260004100173300001000214500003500224650002300259700002300282nice12345678IN_TiNIC20260116014408.0131008s2002 newa grp 000 0 eng  a9780451528308c39900a190bWOL aWolff, Robert Paul aTen Great Works of Philosophy aNewyork, USA bSignet Classic c2002 a574p  aincludes index and biblioraphy aPhilosophy-Western1 aWolff, Robert Paul